000 01523cam a2200373 a 4500
999 _c355
_d355
001 15173976
003 ALUPE UNIVERSITY
005 20210611131508.0
008 080208s2009 njua b 001 0 eng
010 _a 2008005965
020 _a9780136036357
020 _a013603635X
035 _a(OCoLC)ocn192134375
035 _a(OCoLC)192134375
_z(OCoLC)176888912
040 _aDLC
_cDLC
_dYDX
_dBAKER
_dBTCTA
_dYDXCP
_dDLC
050 0 0 _aGN25
_b.E46 2009
082 0 0 _a301
_222
100 1 _aEmber, Carol R.
245 1 0 _aHuman evolution and culture :
_bhighlights of Anthropology /
_cCarol R. Ember, Melvin Ember, Peter N. Peregrine.
250 _a6th ed.
260 _aUpper Saddle River, N.J. :
_bPearson/Prentice Hall,
_cc2009.
300 _axviii, 510 p. :
_bill. (some col.) ;
_c23 cm.
500 _aRev. ed. of: Anthropology : a brief introduction / Carol R. Ember, Melvin Ember. 5th ed.
500 _a"This book presents the highlights of our Anthropology, 12th ed."--Pref.
504 _aIncludes bibliographical references (p. 479-500) and index.
650 0 _aAnthropology.
700 1 _aEmber, Melvin.
700 1 _aPeregrine, Peter N.
_q(Peter Neal),
_d1963-
700 1 _aEmber, Carol R.
_tAnthropology.
856 4 1 _3Table of contents only
_uhttp://www.loc.gov/catdir/toc/ecip0811/2008005965.html
906 _a7
_bcbc
_corignew
_d1
_eecip
_f20
_gy-gencatlg
942 _2lcc
_cBK
_nDO